Srdce ako barometer vzťahu Ľudovít Kiss: Ak sa situácia nezmení, pestovatelia zeleniny sa ocitnú v existenčnom ohrození

Podrobná bibliografia
Hlavní autori: Nemec, Stanislav (Autor), Kiss, Ľudovít, 1940-2019 (Autor)
Médium: Článok
Jazyk:slovenčina
Fyzický popis:Fotogr.
ISSN:0231-6617
Predmet:

MARC

LEADER 00000nab a2200000 a 4500
001 vtls000802202
003 SK-MaSNL
005 20260305035153.0
008 180206c2002 xo 0 slo
015 |a SNBRB2002/08-24276 
035 |a CLN000153857 
040 |a SNKBUCL  |b slo  |c SNKBUCL  |e AACR2 
041 0 |a slo 
044 |a xo  |c SK 
080 |a 631.115.1(437.6):635.1/.8  |2 UDC-MRF-SK2 
080 |a 631.14(437.6):635.1/.8  |2 UDC-MRF-SK2 
080 |a 635.1/.8(437.6)  |2 UDC-MRF-SK2 
100 1 |a Nemec, Stanislav  |4 aut  |9 339695 
245 1 0 |a Srdce ako barometer vzťahu  |b Ľudovít Kiss: Ak sa situácia nezmení, pestovatelia zeleniny sa ocitnú v existenčnom ohrození  |c Stanislav Nemec 
300 |b Fotogr. 
610 7 |a Farma Kissová (Želiezovce, Slovensko)  |2 snkbucl  |9 1617530 
650 0 7 |a zelenina  |x pestovanie  |2 snkbucl  |9 716942 
651 7 |a Levice (Slovensko : okres)  |2 snkbucl  |9 15245 
655 7 |a články z novín a časopisov  |2 snkbucl  |9 267496 
700 1 |a Kiss, Ľudovít,  |d 1940-2019  |4 aut  |9 251719 
773 0 |x 0231-6617  |t Roľnícke noviny  |g Č. 134 (15.7.2002) 
773 0 |x 0231-6617  |t [Príl.] Agrárna samospráva  |g S. 2 
850 |a Slovenská národná knižnica v Martine 
852 |a SNK  |b KIS3GCP 
958 |a RBX 
999 |c 3332441  |d 3334371